000 00569 a2200169 4500
999 _c4879
_d4879
010 _aENG-86643
020 _c150.00
_a8188661325
035 _aEN-70176
037 _bDBAD / PUB
082 1 4 _a921
100 1 _aRangarajan, M. R.
245 1 _aDirector K. Subrahmanyam :
_cby M. R. Rangarajan
_ba biography /
260 _aChennai
_bEast West Books (Madras)
_c2005
270 _a571, Poonamalle High Road, Aminjikarai
_bChennai
_e600 026
_mewb@airtelbraodband.in
300 _axiii, 129 p
_c22 cm (Pbk)
_bB & W photos
942 _adpl
_cEN
_2ddc
_h921
_mSUB